MARC details
| 000 -LEADER |
| fixed length control field |
01055nam a2200145Ia 4500 |
| 008 - FIXED-LENGTH DATA ELEMENTS--GENERAL INFORMATION |
| fixed length control field |
231221s9999 xx 000 0 und d |
| 041 ## - LANGUAGE CODE |
| Language code of text/sound track or separate title |
English |
| 245 #0 - TITLE STATEMENT |
| Title |
Digit (1999 - |
| 260 ## - PUBLICATION, DISTRIBUTION, ETC. |
| Date of publication, distribution, etc. |
Jun, 2001 |
| 440 ## - SERIES STATEMENT/ADDED ENTRY--TITLE |
| Title |
I |
| 500 ## - GENERAL NOTE |
| General note |
Title changed into CHIP |
| 510 ## - CITATION/REFERENCES NOTE |
| Name of source |
Playware, Arena , Age of empires 11: The conquerors expansion homworld cataclysm Fifa 2001, Hardwood Solitaire Stunt GP Monkey Brains, Connect, Book marks: Indian art Sitemap: FashionIndia.Net Newsletters: Free Graphics sites India sites,ISP Watch Surge: MP3 Music Avalance Dana Mase Nicodemus penta- gram Trailers; Along came a spider Evolution 2001 Lucky Numbers Gallery : Wallpapers, Screensavers, Skins, Themes Droolmaal Featuring8 New-generation PDAS also Featuring Digital World Power By seagate |
| 650 ## - SUBJECT ADDED ENTRY--TOPICAL TERM |
| Topical term or geographic name entry element |
Playware, Arena , Age of empires 11: The conquerors expansion homworld cataclysm Fifa 2001, Hardwood Solitaire Stunt GP Monkey Brains, Connect, Book marks: Indian art Sitemap: FashionIndia.Net Newsletters: Free Graphics sites India sites,ISP Watch Sur |
| 942 ## - ADDED ENTRY ELEMENTS (KOHA) |
| Koha item type |
Compact Disks |